000 00928nam a2200253 i 4500
003 DO-SdBNP
005 20260602202414.0
007 ta
008 100913s1995 dr g 000 0 spa d
040 _aDO-SdBNP
_bspa
_cBNPHU
_erda
082 _a972.93
_bM516b, 1995
_223
100 1 _aMejía-Ricart G., Tirso,
_d1936-2021
_q(Mejía-Ricart Guzmán)
_91569
_eautor
_4aut.
245 1 0 _aBreve historia dominicana :
_b(1492-1992) /
_cTirso Mejía-Ricart Guzmán
264 1 _aSanto Domingo, República Dominicana :
_bEditora Amigo del Hogar,
_c1995
300 _a57 páginas ;
_c23 cm
_e+ partitura vocal
336 _atexto
_btxt
_2rdacontent
337 _asin mediación
_bn
_2rdamedia
338 _avolumen
_bnc
_2rdacarrier
590 _aInventariado, 2025/ YL
651 _aRepública Dominicana
_vCompendios, sipnosis, etc.
_xHistoria
_989854
654 _aRepública Dominicana
_xManuales
910 _aYLockward
942 _2ddc
_cLBS1
999 _c21317
_d21317